LDR 01098naa#a2200193#i#450# 001 RU\\bibl\115710 005 20260429161607.3 011 ## _a1994-4683 100 ## _a20260429b2026####ek#y0rusy0150####ca 102 ## _aRU 200 1# _aСтруктура методики обучения тактико-техническим действиям хоккеистов 13-14 лет на основе принятия решений в минимальных ситуациях игры _eЖурнальная статья 210 1# _aМосква _cНациональный государственный Университет физической культуры, спорта и здоровья им. П.Ф. Лесгафта _d2026 215 ## _a6 с. 608 ## _aЖурнальная статья _2local 675 ## _aХоккей на льду с шайбой. 796.966 _z 700 #1 _aМалков _gЯрослав Игоревич 700 #1 _aМихайлаки _gВладимир Константинович 700 #1 _aГрязнов _gГригорий Андреевич 856 4# _auchzapiski.lesgaft.spb.ru _u